<?xml version="1.0" encoding="UTF-8"?>
<record
    xmlns:xsi="http://www.w3.org/2001/XMLSchema-instance"
    xsi:schemaLocation="http://www.loc.gov/MARC21/slim http://www.loc.gov/standards/marcxml/schema/MARC21slim.xsd"
    xmlns="http://www.loc.gov/MARC21/slim">

  <leader>00635nam a2200229 i 4500</leader>
  <controlfield tag="001">000000108036</controlfield>
  <controlfield tag="003">IT-RoPau</controlfield>
  <controlfield tag="005">20220918181312.0</controlfield>
  <controlfield tag="008">041028s1985    xx           u000 u ita c</controlfield>
  <datafield tag="035" ind1=" " ind2=" ">
    <subfield code="a">(IT-RoPUS)108036</subfield>
  </datafield>
  <datafield tag="040" ind1=" " ind2=" ">
    <subfield code="a">IT-RoPUS</subfield>
    <subfield code="b">ita</subfield>
    <subfield code="c">IT-RoPau</subfield>
  </datafield>
  <datafield tag="090" ind1=" " ind2=" ">
    <subfield code="a">AE</subfield>
  </datafield>
  <datafield tag="100" ind1="1" ind2=" ">
    <subfield code="a">De Rita, Giuseppe.</subfield>
    <subfield code="9">21590</subfield>
  </datafield>
  <datafield tag="245" ind1="1" ind2="0">
    <subfield code="a">Chiesa e societ&#xE0; in Italia :</subfield>
    <subfield code="b">intervista di Antonio Acerbi /</subfield>
    <subfield code="c">Giuseppe De Rita.</subfield>
  </datafield>
  <datafield tag="260" ind1=" " ind2=" ">
    <subfield code="a">Roma :</subfield>
    <subfield code="b">AVE,</subfield>
    <subfield code="c">1985.</subfield>
  </datafield>
  <datafield tag="300" ind1=" " ind2=" ">
    <subfield code="a">134 p. ;</subfield>
    <subfield code="c">23 cm</subfield>
  </datafield>
  <datafield tag="490" ind1="1" ind2=" ">
    <subfield code="a">Itinerari ;</subfield>
    <subfield code="v">5</subfield>
  </datafield>
  <datafield tag="700" ind1="1" ind2=" ">
    <subfield code="9">298</subfield>
    <subfield code="a">Acerbi, Antonio</subfield>
  </datafield>
  <datafield tag="830" ind1=" " ind2="0">
    <subfield code="a">Itinerari ;</subfield>
    <subfield code="v">5.</subfield>
    <subfield code="9">35492</subfield>
  </datafield>
  <datafield tag="942" ind1=" " ind2=" ">
    <subfield code="a">BKS</subfield>
    <subfield code="c">BK</subfield>
  </datafield>
  <datafield tag="999" ind1=" " ind2=" ">
    <subfield code="c">108600</subfield>
    <subfield code="d">108600</subfield>
  </datafield>
</record>
